000 00927cam a2200229 4500
001 WB3747-01
008 011211n2001 000 0 eng u
035 _a(Sirsi) u115939
245 _aCITB promotes e-learning
260 _c2001
490 _aBuilding Trade and Industry
_v17(12) December 2001, 5(1)
520 _aThe Construction Industry Training Board (CITB) is to visit construction sites across London in a specially equipped car to promote e-learning. The car will be used to demonstrate the on line materials available on the learndirect website. To access this site construction workers must first email: [email protected]
590 _aWB
650 _aCITB
650 _aE-LEARNING
650 _aCAREERS, EDUCATION AND TRAINING
650 _aCAREERS, EDUCATION AND TRAINING
650 _aLIFELONG LEARNING
650 _aCONSTRUCTION WORKERS
690 _aBUILT ENVIRONMENT
942 _n0
999 _c69065
_d69065